MDQL
is popping MORE tags! Check the
thread
!
Quizzes
Events
Quiz Creation
Community
Videos
Private Events
Remove Ads
Sign In
Join for FREE
Feedback
Dark Mode
Quiz Categories
Sports
Geography
Music
Movies
Television
Just For Fun
Miscellaneous
History
Literature
Language
Science
Gaming
Entertainment
Religion
Holiday
For Kids
Quiz Lab
Recent
Popular Today
Quiz Kudos Today
Editor Picks
Curator Picks
Quizzes by...
Day
Popularity
Type
Ratings
Length
Year
Community
Subscriptions
Recent Discussions
Orange Saloon
Badges
Playlists
Quests
Create
Leaderboards
Showdown
Live 5
Trivia Bingo
Activity
Puzzle Library
Sporcle Events
Private Events
Virtual Trivia
Globe League
Become a Host
Pub Owners
SporcleCon
Opinionation
Our Games
Videos
Blog
Mobile Apps
Partnerships
Remove Ads and Go Orange
Feedback
Religion
Mythology
Religious Music
World Religions
Bible
Christianity
Catholicism
Judaism
Church
Scripture
Islam
Verse
Religion
Mythology
Religious Music
World Religions
Bible
Christianity
Catholicism
Judaism
Church
Scripture
Islam
Verse
Random Quiz
Search Sporcle
×
Quiz Lab
Quiz Lab
Religion
Islam
Type in answers that appear in a list
Type in answers that appear in a list
Classic
Best Score? Go Orange.
Islam Stats
Islamic quiz
By
noranura
5m
30 Questions
126 Plays
126 Plays
126 Plays
Comments
Comments
Give Quiz Kudos
Give Quiz Kudos
-
- Ratings
hide this ad
Forced Order
Answers have to be entered in order
Answers have to be entered in order
Replay
Link that replays current quiz
Next Quiz
Link to next quiz in quiz playlist
You Got
0%
They Got
Avg Score
36%
Avg Friend Score
Upgrade to see
Score Distribution
Jump to the score distribution portion of the page
Score
0/30
Timer
05:00
0
Plays Today
Hint
Answer
% Correct
Who is the Lord?
Allah
92.1%
How many pillars does Islam have?
5
84.9%
Who is the final Prophet?
Muhammad
82.5%
Where the Prophet was born?
Mecca
82.5%
Where did the Prophet pilgrimage to?
Medina
76.2%
Can anyone know the unseen but Allah?
No
70.6%
How many pillars does the faith have?
6
64.3%
What is the greeting of Islam?
Assalamu alaykum
57.1%
Which hand do muslims eat and drink with?
Right
53.2%
Where is the Lord?
Above the Heaven
52.4%
What is the worst sin?
Shirk
43.7%
How to express that you are doing great?
Alhamdulillah
35.7%
What is the place of punishment and humiliation?
The Fire
34.1%
What is the pillar of the religion?
Salah
31%
Who is that: 'The best woman of all worlds'?
Fatima
26.2%
Hint
Answer
% Correct
What is the place for dignity?
Jannah
23.8%
What is the rule called concerning listening to music?
Haram
23%
Which is the most powerful Ayah in Qur'an?
Ayat-Al Kursi
22.2%
Who was the nurse of Muhammad?
Halima
19%
Who are suffering from Allah's wrath?
Jews
15.9%
Who are the misguided ones?
Christians
15.9%
What is the most important obligation to muslims?
Tawheed
11.9%
Who is that: 'She's with two belts'?
Asma
11.9%
What is the rule called concerning using toothpick?
Sunnah
11.1%
Who was the first martyr in Islam?
Sumaya
11.1%
Which sect caused the 'Qur'an was created' test?
Mu'tazillah
9.5%
Which scholar denied the 'Qur'an was created' test?
Ahmad ibn Hanbal
9.5%
What is the rule called concerning celebrating Muhammad's birthday?
Bidah
9.5%
Who killed seven Byzantine soldiers?
Um Hakim
9.5%
What is the rule called concerning using beads?
Bidah
8.7%
Quiz Playlist
Details
Report
Send in Message
Add To Playlist
Classic:
Type in answers that appear in a list
Forced Order:
Answers have to be entered in order
Last Updated: Feb 16, 2017
Quiz Scoreboard
CHALLENGE
Sign Up to Join the Scoreboard
Show All
Scores
Hide
Comments
May contain spoilers
Recently Published
Two Season TV Shows II
by 123Four
Television
10m
Image Sorting: Flags VI
by Barbecue
Geography
2m
Find the 'City' Movie
by crazypaving
Movies
60s
More to Explore
Quiz From the Vault
Featured Blog Post
14 Easter Pick-up Lines to Find Eggs With
hide this ad
You Might Also Like...
Tags
Islam Quiz
Today's Top Quizzes in Religion
Browse Religion
hide this ad
Today's Top Quizzes in Islam
Browse Islam
Top Contributed Quizzes in Religion
1
Christmas Pick: Judaism
2
Mini Trivia Sudoku: Mythology
3
99 names of Allah
4
Religions Spelling Bee
5
Christmas Pick: Islam
6
Christmas Pick: World Religions
7
5-to-1: Children of Gods
8
Artistic Maundy Thursday
9
Longevity in the Bible
10
After Easter on Stained-glass Windows
Explore More
Trending Topics
NBA
Harry Potter
Marvel
Anime
Disney
Kpop
Crossword
Soccer
WWE
The Office
Puzzle
Country
NFL
Song
Pokémon
hide this ad
More By:
noranura
Quiz
Plays
Rating
Category
Featured
Created
Islam
126
5.00
Religion
Dec 1, 2014
Go to Creator's Profile
Score Distribution
Quiz Creator Spotlight
noranura
Follow
Send a Message
Quizzes Created
-
Created Quiz Play Count
-
More By This Creator
Popular Quizzes Today
1
Colored Red Africa Blitz
2
Find the US States - No Outlines Minefield
3
Find the 'City' Movie
4
5x2 Blitz: Bands
5
The Countries of the World
6
Find the US States
7
Find the Countries of Europe - No Outlines Minefield
8
US States
More Religion Quizzes
Major Religions Blitz
Curator's Pick
Trending Quizzes
Colored Red Europe Blitz I
Colored Red Africa Blitz II
Colored Red Europe Blitz II
Colored Red Africa Blitz III
Colored Red Europe Blitz III
Recently Updated
How Do You Spell That?
pecheneg
Godzilla Movies
pecheneg
Grab Bag: 4-10 Letters
pecheneg
2024 March Madness Bracket
pecheneg
Famous TV Couples
Peacemaker
Champions League XIs: Real Madrid
pecheneg
Largest US Cities 1790-2010
pecheneg
Rides in Walt Disney World
pecheneg
Most Oscar Losses (Acting)
pecheneg
Beyoncé Albums
pecheneg
Trending Topics
Harry Potter
Marvel
Crossword
NBA
Disney
Anime
Kpop
NFL
Country
WWE
Soccer
The Office
Pokémon
Song
Puzzle
Your Account Isn't Verified!
In order to create a playlist on Sporcle, you need to verify the email address you used during registration. Go to your
Sporcle Settings
to finish the process.
Report this User
Report this user for behavior that violates our
Community Guidelines
.
Details:
Send Report
Go to the Sporcle.com Mobile Site →
Comments